[Event "Anand tribute"]
[Site "SchemingMind.com"]
[Date "2008.12.03"]
[Round "-"]
[White "thebirdolux"]
[Black "HanadaNo3"]
[Result "1/2-1/2"]
[WhiteCountry "USA"]
[BlackCountry "USA"]
[WhiteElo "2307"]
[WhiteRD "73"]
[BlackElo "2435"]
[BlackRD "76"]
[GameID "181424"]

1. e4 e5 2. Nf3 Nc6 3. Bb5 a6 4. Ba4 Nf6 5. O-O Be7 6. Re1 b5 7. Bb3 O-O 8. c3 d5 9. exd5 Nxd5 10. a4 b4
11. Nxe5 Nxe5 12. Rxe5 Be6 13. d4 Bf6 14. Re1 Re8 15. Bd2 a5 16. Bc2 c5 17. dxc5 Rc8 18. Qh5 g6 19. Qf3 Rxc5 20. Be4 Bg7
21. Qd3 bxc3 22. Nxc3 Nxc3 23. Bxc3 Qxd3 24. Bxd3 Bxc3 25. bxc3 Rxc3 26. Bb5 Rec8 27. Rad1 Bc4 28. h3 Bxb5 29. axb5 Rb8 30. Re5=
1/2-1/2

[Event "Anand tribute"]
[Site "SchemingMind.com"]
[Date "2008.12.07"]
[Round "-"]
[White "dcon"]
[Black "HanadaNo3"]
[Result "0-1"]
[WhiteCountry "RSA"]
[BlackCountry "USA"]
[WhiteElo "2361"]
[WhiteRD "61"]
[BlackElo "2452"]
[BlackRD "74"]
[GameID "181425"]

1. d4 Nf6 2. c4 c5 3. d5 b5 4. cxb5 a6 5. bxa6 g6 6. Nc3 Bxa6 7. g3 d6 8. Nf3 Qa5 9. Bh3 Bg7 10. O-O Nbd7
11. Re1 O-O 12. Bd2 Qc7 13. b3 c4 14. b4 Bc8 15. e4 h5 16. Bf1 Qb6 17. h3 Qxb4 18. Rb1 Qc5 19. Qc2 Ba6 20. Na4 Qc7
21. Be3 Rfb8 22. Nd4 Ne5 23. f4 Rxb1 24. Rxb1 Neg4 25. hxg4 Nxg4 26. Qd2 Qa7 27. Rd1 Bb5 28. Nc3 Ba4 29. Nxa4 Qxa4 30. Be2 Nxe3
31. Qxe3 Qxa2 32. Qc3 Bxd4+ 33. Qxd4 Qxe2
0-1

[Event "Anand tribute"]
[Site "SchemingMind.com"]
[Date "2008.12.02"]
[Round "-"]
[White "lupa7"]
[Black "HanadaNo3"]
[Result "1/2-1/2"]
[WhiteCountry "POL"]
[BlackCountry "USA"]
[WhiteElo "2284"]
[WhiteRD "104"]
[BlackElo "2435"]
[BlackRD "76"]
[GameID "181426"]

1. e4 e5 2. Nf3 Nc6 3. Bb5 a6 4. Bxc6 dxc6 5. O-O Bg4 6. h3 h5 7. d3 Qf6 8. Nbd2 Bd6 9. Rb1 Ne7 10. Re1 Ng6
11. b4 Nf4 12. hxg4 hxg4 13. g3 gxf3 14. Qxf3 Ne6 15. Qxf6 gxf6 16. Nf3 O-O-O 17. a4 Rdg8 18. Bd2 Rh5 19. b5 cxb5 20. axb5 Bc5
21. Kf1 axb5 22. Rxb5 Nd4 23. Nxd4= Bxd4 24. Re2 Rgh8 25. Kg2 b6=
1/2-1/2

[Event "Anand tribute"]
[Site "SchemingMind.com"]
[Date "2008.12.05"]
[Round "-"]
[White "Sixmax"]
[Black "HanadaNo3"]
[Result "0-1"]
[WhiteCountry "DEN"]
[BlackCountry "USA"]
[WhiteElo "2071"]
[WhiteRD "62"]
[BlackElo "2452"]
[BlackRD "74"]
[GameID "181427"]

1. e4 e5 2. Nf3 Nc6 3. Bc4 Nf6 4. Ng5 d5 5. exd5 b5 6. Bf1 h6 7. Nxf7 Kxf7 8. dxc6 Qd5 9. Nc3 Qxc6 10. Nxb5 Bg4
11. f3 Be6 12. Bd3 Bc5 13. Qe2 Rab8 14. a4 Rhe8 15. Nc3 Qd7 16. b3 Bd4 17. Bb2 e4 18. fxe4 Bg4 19. Bc4+ Kg6
0-1

[Event "Anand tribute"]
[Site "SchemingMind.com"]
[Date "2008.12.02"]
[Round "-"]
[White "dlamadzi"]
[Black "HanadaNo3"]
[Result "0-1"]
[WhiteCountry "POL"]
[BlackCountry "USA"]
[WhiteElo "1950"]
[WhiteRD "76"]
[BlackElo "2452"]
[BlackRD "74"]
[GameID "181428"]

1. e4 e5 2. Nf3 Nc6 3. Nc3 Nf6 4. Bb5 Nd4 5. Ba4 c6 6. Nxe5 d6 7. Nf3 Bg4 8. h3 Bxf3 9. gxf3 b5 10. Bb3 a5
11. a4 b4 12. Nb1 d5 13. d3 Bd6 14. Be3 Nxb3 15. cxb3 O-O 16. Nd2 Nh5 17. Qe2 d4 18. Bxd4 Nf4 19. Qf1 Be5 20. Bxe5 Nxd3+
21. Kd1 Nxe5 22. Kc2 Qf6 23. Qe2 Rfd8
0-1

[Event "Anand tribute"]
[Site "SchemingMind.com"]
[Date "2008.12.02"]
[Round "-"]
[White "Dr_Pat"]
[Black "HanadaNo3"]
[Result "0-1"]
[WhiteCountry "USA"]
[BlackCountry "USA"]
[WhiteElo "2043"]
[WhiteRD "53"]
[BlackElo "2440"]
[BlackRD "79"]
[GameID "181438"]

1. d4 d5 2. c4 c6 3. Nc3 e6 4. Nf3 Nf6 5. e3 a6 6. b3 c5 7. cxd5 cxd4 8. Qxd4 exd5 9. Bb2 Nc6 10. Qd2 Bb4
11. Bd3 Bg4 12. O-O Bxf3 13. gxf3 d4 14. exd4 O-O 15. Rfd1 Nd5 16. a3 Bxc3 17. Bxc3 Qh4 18. Be4 Rad8 19. Re1 Nf4 20. Kh1 Rd6
21. Rg1 Rh6 22. Rg2 Nxg2 23. Kxg2 Re8
0-1

[Event "Anand tribute"]
[Site "SchemingMind.com"]
[Date "2008.12.02"]
[Round "-"]
[White "Dr_Pat"]
[Black "Konan_Kaddosh"]
[Result "0-1"]
[WhiteCountry "USA"]
[BlackCountry "ITA"]
[WhiteElo "2106"]
[WhiteRD "52"]
[BlackElo "2610"]
[BlackRD "68"]
[GameID "181439"]

1. d4 Nf6 2. c4 e6 3. Nc3 Bb4 4. Qc2 O-O 5. Nf3 c5 6. dxc5 Na6 7. a3 Bxc3+ 8. Qxc3 Nxc5 9. Bg5 Nfe4 10. Bxd8 Nxc3
11. Be7 Nb3 12. Bxf8 Kxf8 13. Rd1 Nxd1 14. Kxd1 d5 15. e3 Bd7 16. Kc2 Ba4 17. Kc3 a5 18. Nd4 Nc5 19. f3 e5 20. Nf5 Bd7
21. g4 Na4+ 22. Kd2 dxc4 23. Bxc4 Nxb2 24. Bb3 Bc6 25. Rb1 Rd8+ 26. Kc3 Nd3 27. Bc2 Nc5 28. e4 b5 29. Rd1 Rxd1 30. Bxd1 f6
31. Be2 Ne6 32. Bd3 g6 33. Ne3 Nd4 34. f4 Nf3 35. fxe5 fxe5 36. Nf1 Ke7 37. Be2 Nd4 38. Bd3 Kf6 39. h4 Nf3 40. h5 Kg5
0-1

[Event "Anand tribute"]
[Site "SchemingMind.com"]
[Date "2008.12.02"]
[Round "-"]
[White "Dr_Pat"]
[Black "jankep"]
[Result "1-0"]
[WhiteCountry "USA"]
[BlackCountry "POL"]
[WhiteElo "2155"]
[WhiteRD "51"]
[BlackElo "2016"]
[BlackRD "79"]
[GameID "181440"]

1. d4 d5 2. c4 Nc6 3. Nf3 Bg4 4. e3 e6 5. Nc3 Nf6 6. Be2 Bb4 7. O-O O-O 8. a3 Bxc3 9. bxc3 Ne4 10. Bb2 dxc4
11. Bxc4 Bxf3 12. gxf3 Nd6 13. Bd3 Qg5+ 14. Kh1 e5 15. Rg1 Qh5 16. Rg2 f6 17. Qb3+
1-0

[Event "Anand tribute"]
[Site "SchemingMind.com"]
[Date "2008.12.02"]
[Round "-"]
[White "Dr_Pat"]
[Black "mi_di"]
[Result "1-0"]
[WhiteCountry "USA"]
[BlackCountry "MEX"]
[WhiteElo "2106"]
[WhiteRD "52"]
[BlackElo "2061"]
[BlackRD "87"]
[GameID "181441"]

1. d4 e6 2. c4 Nf6 3. Nc3 Bb4 4. Qc2 d5 5. Nf3 O-O 6. a3 Bxc3+ 7. Qxc3 b6 8. Bg5 Bb7 9. cxd5 Bxd5 10. Rc1 h6
11. Bxf6 Qxf6 12. Ne5 c5 13. dxc5 bxc5 14. f3 Qh4+ 15. g3 Qd4 16. e4 Qxc3+ 17. Rxc3 Bb7 18. Rxc5 Na6 19. Rb5 Rfb8 20. Nd7 Rd8
21. Rxb7
1-0

[Event "Anand tribute"]
[Site "SchemingMind.com"]
[Date "2008.12.03"]
[Round "-"]
[White "Dr_Pat"]
[Black "thebirdolux"]
[Result "0-1"]
[WhiteCountry "USA"]
[BlackCountry "USA"]
[WhiteElo "2155"]
[WhiteRD "51"]
[BlackElo "2308"]
[BlackRD "67"]
[GameID "181442"]

1. d4 Nf6 2. c4 e6 3. Nc3 Bb4 4. Qc2 O-O 5. a3 Bxc3+ 6. Qxc3 b6 7. Nf3 Bb7 8. g3 d5 9. Bg2 Nbd7 10. O-O c5
11. Rd1 Ne4 12. Qc2 Rc8 13. b3 Qe7 14. Be3 cxd4 15. Nxd4 Ndf6 16. Nb5 Bc6 17. Nd4 Ba8 18. Rac1 e5 19. Nf5 Qe6 20. Bh3 Kh8
21. f3 d4 22. Kg2 Qe8 23. Bd2 Rd8 24. Bb4 Nc5 25. Qd2 e4 26. Bxc5 bxc5 27. Qg5 exf3+ 28. exf3 Bxf3+ 29. Kg1 Rg8 30. Re1 Ne4
31. Qf4 d3 32. Qxf3 Ng5 33. Qf1 Nxh3+ 34. Qxh3 d2
0-1

[Event "Anand tribute"]
[Site "SchemingMind.com"]
[Date "2008.12.07"]
[Round "-"]
[White "Dr_Pat"]
[Black "dcon"]
[Result "0-1"]
[WhiteCountry "USA"]
[BlackCountry "RSA"]
[WhiteElo "2155"]
[WhiteRD "51"]
[BlackElo "2361"]
[BlackRD "61"]
[GameID "181443"]

1. d4 d5 2. c4 e5 3. dxe5 d4 4. Nf3 c5 5. e3 Nc6 6. exd4 cxd4 7. Bd3 Nge7 8. O-O Ng6 9. h3 Be7 10. Re1 O-O
11. Nbd2 Qc7 12. Nb3 Rd8 13. Qe2 Be6 14. Bd2 a5 15. Qe4 Qb6 16. Red1 a4 17. c5 Bxc5 18. Nxc5 Qxc5 19. Rac1 Qb6 20. Bg5 Re8
21. h4 h5 22. Qe2 Bxa2 23. Bxg6 fxg6 24. Qe4 Bf7 25. Bf4 Qxb2 26. Nxd4 Qb4 27. Qe3 Nxd4 28. Rxd4 Qe7 29. Qd3 a3
0-1

[Event "Anand tribute"]
[Site "SchemingMind.com"]
[Date "2008.12.02"]
[Round "-"]
[White "Dr_Pat"]
[Black "lupa7"]
[Result "0-1"]
[WhiteCountry "USA"]
[BlackCountry "POL"]
[WhiteElo "2155"]
[WhiteRD "51"]
[BlackElo "2405"]
[BlackRD "78"]
[GameID "181444"]

1. d4 Nf6 2. c4 c5 3. d5 d6 4. Nc3 Bf5 5. g3 Nbd7 6. Nf3 h6 7. Bg2 g5 8. O-O Bg7 9. Ne1 Bg6 10. Nd3 a6
11. Qa4 Qc7 12. f4 Ng4 13. f5 Bh7 14. h3 Ne5 15. Be3 O-O 16. Nxe5 Bxe5 17. g4 b5 18. cxb5 axb5 19. Qc2 Rfb8 20. Bf3 b4
21. Ne4 Rxa2 22. Rxa2 b3 23. Qb1 bxa2 24. Qxa2 Rxb2 25. Qa4 Kg7 26. Nd2 Nb6 27. Qa6 f6 28. Rc1 Bg8 29. Nc4 Nxc4 30. Qxc4 Qb7
31. Rd1 Rb4 32. Qc2 Bf7 33. Kg2 c4
0-1

[Event "Anand tribute"]
[Site "SchemingMind.com"]
[Date "2008.12.05"]
[Round "-"]
[White "Dr_Pat"]
[Black "Sixmax"]
[Result "1-0"]
[WhiteCountry "USA"]
[BlackCountry "DEN"]
[WhiteElo "2155"]
[WhiteRD "51"]
[BlackElo "2071"]
[BlackRD "62"]
[GameID "181445"]

1. d4 b6 2. c4 Bb7 3. Nc3 e6 4. e4 Bb4 5. Bd3 f5 6. Qe2 Nf6 7. Bg5 fxe4 8. Bxe4 Bxe4 9. Bxf6 Qxf6 10. Qxe4 Bxc3+
11. bxc3 O-O 12. Nf3 Nc6 13. O-O Qf5 14. Rfe1 Na5 15. Qe2 Rae8 16. Rab1 c5 17. Rb5 d6 18. dxc5
1-0

[Event "Anand tribute"]
[Site "SchemingMind.com"]
[Date "2008.12.02"]
[Round "-"]
[White "Dr_Pat"]
[Black "dlamadzi"]
[Result "1-0"]
[WhiteCountry "USA"]
[BlackCountry "POL"]
[WhiteElo "2155"]
[WhiteRD "51"]
[BlackElo "1950"]
[BlackRD "76"]
[GameID "181446"]

1. d4 d6 2. c4 e5 3. Nf3 Nd7 4. Nc3 Ngf6 5. Bg5 Be7 6. e3 O-O 7. Qc2 c6 8. Bd3 Qc7 9. dxe5 dxe5 10. Bxh7+ Nxh7
11. Bxe7 Re8 12. Bh4 a5 13. O-O Nc5 14. h3 Be6 15. Rfd1 f6 16. Nd2
1-0

[Event "Anand tribute"]
[Site "SchemingMind.com"]
[Date "2008.12.02"]
[Round "-"]
[White "HanadaNo3"]
[Black "Dr_Pat"]
[Result "1-0"]
[WhiteCountry "USA"]
[BlackCountry "USA"]
[WhiteElo "2440"]
[WhiteRD "79"]
[BlackElo "2043"]
[BlackRD "53"]
[GameID "181447"]

1. e4 Nf6 2. e5 Nd5 3. d4 d6 4. Nf3 Bg4 5. Be2 e6 6. O-O Be7 7. h3 Bh5 8. c4 Nb6 9. Nc3 O-O 10. Be3 d5
11. cxd5 Nxd5 12. Qb3 Nxe3 13. fxe3 b6 14. d5 Bc5 15. dxe6 Bxe3+ 16. Kh1 fxe6 17. Qxe6+ Bf7 18. Qg4 c6 19. e6 Be8 20. Ne5 Rxf1+
21. Rxf1 Bc5 22. e7 Qxe7 23. Bc4+ Kh8 24. Nf7+ Bxf7 25. Rxf7
1-0

[Event "Anand tribute"]
[Site "SchemingMind.com"]
[Date "2008.12.02"]
[Round "-"]
[White "Konan_Kaddosh"]
[Black "Dr_Pat"]
[Result "1-0"]
[WhiteCountry "ITA"]
[BlackCountry "USA"]
[WhiteElo "2610"]
[WhiteRD "68"]
[BlackElo "2106"]
[BlackRD "52"]
[GameID "181448"]

1. d4 d5 2. c4 c6 3. Nf3 Nf6 4. e3 e6 5. Nc3 Nbd7 6. Bd3 dxc4 7. Bxc4 b5 8. Bd3 a6 9. a4 Bb7 10. axb5 axb5
11. Rxa8 Qxa8 12. O-O b4 13. Na4 c5 14. Bb5 Bc6 15. Bxc6 Qxc6 16. Qc2 Bd6 17. Bd2 c4 18. Rc1 O-O 19. Nc5 c3 20. Nxd7 Qxd7
21. bxc3 bxc3 22. Qxc3 Ne4 23. Qc2 Qb7 24. Be1 Qd5 25. Qc6 Rb8 26. Ne5 Nf6 27. Nd3 g6 28. Qxd5 Nxd5 29. Kf1 Rb3 30. Nc5 Rb2
31. e4 Nf4 32. g3 Ne2 33. Rc4 Kg7 34. Nd3 Ra2 35. d5 e5 36. Bb4 Bxb4 37. Rxb4 Nc3 38. Nxe5 Rd2 39. f3 Rxh2 40. Rb7 Nd1
41. d6 Ne3+ 42. Kg1 Rg2+ 43. Kh1 Rd2 44. d7 Nf1 45. Nxf7
1-0

[Event "Anand tribute"]
[Site "SchemingMind.com"]
[Date "2008.12.03"]
[Round "-"]
[White "jankep"]
[Black "Dr_Pat"]
[Result "0-1"]
[WhiteCountry "POL"]
[BlackCountry "USA"]
[WhiteElo "2016"]
[WhiteRD "79"]
[BlackElo "2155"]
[BlackRD "51"]
[GameID "181449"]

1. d4 d5 2. c4 c6 3. e3 Nf6 4. Nf3 e6 5. Be2 Nbd7 6. O-O Bd6 7. b3 O-O 8. Nc3 Qe7 9. Bb2 b6 10. Qc2 Bb7
11. e4 Nxe4 12. Nxe4 dxe4 13. Qxe4 Nf6 14. Qe3 Ng4 15. Qd2 c5 16. h3 Nf6
0-1

[Event "Anand tribute"]
[Site "SchemingMind.com"]
[Date "2008.12.02"]
[Round "-"]
[White "mi_di"]
[Black "Dr_Pat"]
[Result "1-0"]
[WhiteCountry "MEX"]
[BlackCountry "USA"]
[WhiteElo "2163"]
[WhiteRD "75"]
[BlackElo "2155"]
[BlackRD "51"]
[GameID "181450"]

1. e4 Nf6 2. e5 Nd5 3. d4 d6 4. Nf3 Bg4 5. Be2 e6 6. O-O Be7 7. c4 Nb6 8. Nc3 O-O 9. Be3 d5 10. c5 Bxf3
11. gxf3 Nc4 12. Qb3 Nxe3 13. fxe3 b6 14. cxb6 axb6 15. Rac1 c5 16. f4 Nc6 17. Bb5 Nb4 18. a3 c4 19. Qd1 Nd3 20. Rc2 Ra5
21. a4 Bb4 22. Rg2 g6 23. Na2 Qc7 24. Nxb4 Nxb4 25. f5 exf5 26. Rxf5 c3 27. bxc3 Qxc3 28. Rg3 Raa8 29. Qg4 Rac8 30. Rh3 Qd2
31. Qh4 h5 32. Bf1 Qc2 33. Rxh5 gxh5 34. Rg3+
1-0

[Event "Anand tribute"]
[Site "SchemingMind.com"]
[Date "2008.12.03"]
[Round "-"]
[White "thebirdolux"]
[Black "Dr_Pat"]
[Result "1-0"]
[WhiteCountry "USA"]
[BlackCountry "USA"]
[WhiteElo "2314"]
[WhiteRD "70"]
[BlackElo "2138"]
[BlackRD "50"]
[GameID "181451"]

1. d4 Nf6 2. c4 e6 3. Nf3 Bb4+ 4. Bd2 Qe7 5. g3 O-O 6. Bg2 Bxd2+ 7. Qxd2 d6 8. Nc3 e5 9. O-O Re8 10. h3 Nc6
11. g4 h6 12. dxe5 Nxe5 13. Nxe5 Qxe5 14. Rac1 Rb8 15. Rfd1 Bd7 16. c5 Bc6 17. cxd6 Rbd8 18. Qd4 Qxd4 19. Rxd4 Rxd6 20. Rxd6 cxd6
21. Rd1 Rd8 22. f4 g5 23. e4 gxf4 24. Kf2 Re8 25. Rd4 h5 26. gxh5 Nxh5 27. Rxd6 Kg7 28. b4 Nf6 29. Rd4 Re5 30. a4 a6
31. Bf3 Bd7 32. h4 Bc6 33. Kg2 Bd7 34. a5 Bc6 35. Kh3 Bd7+ 36. Kh2 Bg4 37. Kg2 Rh5 38. Ne2 Rxh4 39. Nxf4 Bxf3+ 40. Kxf3 Nh7
41. Rd7 Ng5+ 42. Ke3 Rh1 43. e5 Re1+ 44. Ne2 Rh1 45. Nd4 Re1+ 46. Kd3 Rxe5 47. Rxb7
1-0

[Event "Anand tribute"]
[Site "SchemingMind.com"]
[Date "2008.12.07"]
[Round "-"]
[White "dcon"]
[Black "Dr_Pat"]
[Result "1-0"]
[WhiteCountry "RSA"]
[BlackCountry "USA"]
[WhiteElo "2361"]
[WhiteRD "61"]
[BlackElo "2155"]
[BlackRD "51"]
[GameID "181452"]

1. d4 d5 2. c4 c6 3. Nc3 Nf6 4. Bg5 e6 5. e3 Nbd7 6. Nf3 Qa5 7. cxd5 Nxd5 8. Qd2 Bb4 9. Rc1 h6 10. Bh4 c5
11. Bd3 cxd4 12. Nxd4 Ne5 13. Be2 O-O 14. Bg3 Nxc3 15. bxc3 Be7 16. O-O Rd8 17. Rfd1 Bd7 18. Nb3 Qc7 19. c4 Bf6 20. Qb4 Rac8
21. Qa3 a6 22. Rd4 Be8 23. h3 g6 24. Qb2 Kg7 25. Qc3 Bc6 26. Rf4 Nf3+ 27. Rxf3 Bxc3 28. Bxc7 Bxf3 29. Bxf3 Rxc7 30. Rxc3
1-0

[Event "Anand tribute"]
[Site "SchemingMind.com"]
[Date "2008.12.02"]
[Round "-"]
[White "lupa7"]
[Black "Dr_Pat"]
[Result "1-0"]
[WhiteCountry "POL"]
[BlackCountry "USA"]
[WhiteElo "2405"]
[WhiteRD "78"]
[BlackElo "2155"]
[BlackRD "51"]
[GameID "181453"]

1. e4 Nf6 2. e5 Nd5 3. c4 Nb6 4. c5 Nd5 5. Bc4 e6 6. d4 d6 7. cxd6 cxd6 8. Nf3 Nc6 9. O-O Be7 10. Bd2 O-O
11. a3 Nb6 12. Ba2 dxe5 13. dxe5 Qd3 14. Nc3 Nc4 15. Bb1 Qd8 16. Qc2 g6 17. Bh6 N4xe5 18. Nxe5 Nxe5 19. Qe2 Bf6 20. Bxf8 Kxf8
21. Bc2 Bd7 22. Rad1 Qc7 23. f4 Nc6 24. Qf2 Rd8 25. Ba4 Be8 26. Kh1 a6 27. Rxd8 Bxd8 28. Ne4 Kg8 29. Qd2 b5 30. Bb3 Na5
31. Ba2 Be7 32. Rc1 Nc4 33. h3 Bd7 34. Qe3 e5 35. Nd2 Qb7 36. Nxc4 bxc4 37. fxe5 Qxb2 38. Bxc4 Qxa3 39. Qxa3 Bxa3 40. Rb1 a5
41. Rb8+
1-0

[Event "Anand tribute"]
[Site "SchemingMind.com"]
[Date "2008.12.05"]
[Round "-"]
[White "Sixmax"]
[Black "Dr_Pat"]
[Result "0-1"]
[WhiteCountry "DEN"]
[BlackCountry "USA"]
[WhiteElo "2071"]
[WhiteRD "62"]
[BlackElo "2155"]
[BlackRD "51"]
[GameID "181454"]

1. e4 Nf6 2. e5 Nd5 3. d4 d6 4. c4 Nb6 5. f4 g6 6. Nc3 Bg7 7. Be3 O-O 8. c5 N6d7 9. h4 dxc5 10. dxc5 Na6
11. Bxa6 bxa6 12. Qf3 Rb8 13. O-O-O Qe8 14. h5 a5 15. Nge2 a4 16. a3 Rb3 17. hxg6 fxg6 18. Qe4 Nb8
0-1

[Event "Anand tribute"]
[Site "SchemingMind.com"]
[Date "2008.12.02"]
[Round "-"]
[White "dlamadzi"]
[Black "Dr_Pat"]
[Result "0-1"]
[WhiteCountry "POL"]
[BlackCountry "USA"]
[WhiteElo "1950"]
[WhiteRD "76"]
[BlackElo "2155"]
[BlackRD "51"]
[GameID "181455"]

1. e4 Nf6 2. e5 Nd5 3. c4 Nb6 4. d4 d6 5. exd6 cxd6 6. Nc3 g6 7. Be3 Bg7 8. Rc1 O-O 9. Bd3 Nc6 10. Nf3 Bg4
11. Be2 Bxf3 12. gxf3 d5 13. c5 Nc4 14. b3 Nxe3 15. fxe3 e5 16. dxe5 d4
0-1